000 00607cam a2200229 a 4500
008
020 _a085950574X(pbk.)
049 _aMAIN
090 _aTA340GRE
245 1 0 _aStatistics for engineers /
_cA.Green
260 _aBritain :
_bELBS,
_c1979.
300 _axv, 123 p. ;
_c26 cm.
504 _aIncludes bibliographical references.
500 _aIncludes index.
650 0 _aStatistics.
650 0 _aProbabilities.
907 _a.b10168151
_b04-01-06
_c18-07-05
003
005 20230123134033.0
040 _cNUST
942 _cBOOKS
_kTA340GRE
999 _c158943
_d158943